00451nam a2200169Ia 4500003000400000005001700004008004100021020001800062040000700080041000800087082002000095100002400115245007700139260003600216300001500252365001400267OSt20230408095610.0210423s2000 xx 000 0 und d a9783540721864 cAL aeng a512.74 EDWH223 aEDWARDS (Harold M). aFermats last theorem: a genetic introduction to algebraic number theory. aNew YorkbSpringer Verlagc2000 axv,407bPB b1200cINR